00462nam a22001337a 4500008004100000082001100041100002600052245003400078260003800112300000900150942000800159999001500167952014600182260430b |||||||| |||| 00| 0 eng d a001387 aPanday, Shyama Charan aPanchantantra of Vishnusharma aDelhibMotilal Banarasidassc2019 a622p 2ddc c1379d1379 00102ddc406001387_0000000000000007091712aKSUbKSUcGENd2026-04-30eBook Paradisei94470l0o001387p001387r2026-04-30w2026-04-30yBK